| 000 | 01333cam a2200361 a 4500 | ||
|---|---|---|---|
| 003 | CHAP | ||
| 005 | 20220329142622.0 | ||
| 008 | 980305d1977 mx r o00110 spa d | ||
| 010 | _a85703 | ||
| 011 | _a86675 | ||
| 035 | _a97214 | ||
| 040 | _cCHAP | ||
| 090 | _aFolleto 15006 | ||
| 110 | 2 |
_aMexico. Centro de Estadística Agropecuaria. _975277 |
|
| 245 | 1 | 0 |
_aSituación actual y perspectiva de la producción de carne de pollo en México _c/por Centro de Estadística Agropecuaria |
| 260 |
_aMéxico, D. F. : _bCentro de Estadística Agropecuaria, _c2001-. |
||
| 300 |
_a23 p. : _bgráfs. ; mapas ; tablas |
||
| 500 | _aLa biblioteca tiene: 2000 | ||
| 590 |
_aBATCH-UPD _b10 _c20130110 _lUCH01 _h0738 |
||
| 590 |
_aBATCH-UPD _b10 _c20130410 _lUCH01 _h0420 |
||
| 590 |
_aBATCH-UPD _b10 _c20130914 _lUCH01 _h0849 |
||
| 590 |
_aCONVERSION _b10 _c20130109 _lUCH01 _h1348 |
||
| 650 | 1 | 4 |
_aCarne de pollo. _919157 |
| 650 | 1 | 4 |
_aCarne de pollo _xConsumo _zMéxico. _919162 |
| 650 | 1 | 4 |
_aCarne de pollo _xMercadeo. _919166 |
| 650 | 1 | 4 |
_aCarne de pollo _xPrecios. _919168 |
| 650 | 1 | 4 |
_aCarne de pollo _xProducción. _919170 |
| 901 | _aBK | ||
| 905 | _aAlejandra Carrasco M. | ||
| 942 | _cFOLL | ||
| 949 |
_aFolleto 15006 _bBC _cFOLL _d33724002126975 _eTS2 _f2000 c.2 _i97214 _sb |
||
| 949 |
_aFolleto 15006 _bBC _cFOLL _d972141 _eTS1 _f2000 _i97214 _sb |
||
| 999 |
_c85703 _d85703 |
||